Battle to Year Click Quiz - Statistics

General Stats
  • This quiz has been taken 37 times
  • The average score is 9 of 20
Answer Stats
Hint Answer % Correct
Battle of Midway 1942
88%
Battle of Waterloo 1815
85%
Battle of Hastings 1066
73%
Battle of Gettysburg 1863
73%
Battle of Agincourt 1415
54%
Battle of Bunker Hill 1775
54%
Battle of the Teutoburg Forest 9 AD
50%
Battle of Cannae 216 BC
46%
Battle of Thermopylae 480 BC
46%
Battle of Lepanto 1571
42%
Battle of Arsuf 1191
38%
Battle of the Hydaspes 326 BC
35%
Battle of Kadesh 1274 BC
31%
Battle of Isandlwana 1879
31%
Battle of Ain Jalut 1260
27%
Battle of Medina Ridge 1991
27%
Battle of Sekigahara 1600
19%
Battle of White Mountain 1620
19%
Battle of Cartagena de Indias 1741
12%
Battle of Red Cliffs 208
12%
No matching quizzes found
Score Distribution
Percent of People with Each Score
Percentile by Number Answered
Your Score History
You have not taken this quiz